History - Cross, Historiography, and Miscellaneous | 1 | 2 | 0 | 0 | 35 | 64 | 97.00 | 0 | 0 |
History - World | 0 | 3 | 0 | 0 | 30 | 69 | 92.33 | 0 | 0 |
Current Events - World | 1 | 1 | 0 | 0 | 25 | 34 | 73.50 | 0 | 1 |
Fine Arts - Photography | 1 | 0 | 0 | 0 | 15 | 63 | 63.00 | 0 | 0 |
Fine Arts - Painting | 1 | 0 | 0 | 0 | 15 | 43 | 43.00 | 0 | 0 |
Fine Arts - Architecture | 1 | 0 | 0 | 0 | 15 | 44 | 44.00 | 0 | 1 |
Geography - World | 0 | 1 | 0 | 0 | 10 | 115 | 115.00 | 0 | 0 |
RMP - Jewish Practice | 0 | 1 | 0 | 0 | 10 | 103 | 103.00 | 0 | 0 |
History - European | 0 | 1 | 0 | 0 | 10 | 93 | 93.00 | 0 | 0 |
Social Science - Economics | 0 | 1 | 0 | 0 | 10 | 108 | 108.00 | 0 | 0 |
Other - Other Academic and General Knowledge | 0 | 1 | 0 | 0 | 10 | 128 | 128.00 | 0 | 0 |
RMP - East Asian Religion | 0 | 1 | 0 | 0 | 10 | 117 | 117.00 | 0 | 0 |
RMP - Islam | 0 | 1 | 0 | 0 | 10 | 89 | 89.00 | 0 | 0 |
History - American | 0 | 1 | 0 | 0 | 10 | 114 | 114.00 | 0 | 0 |
Geography - United States | 0 | 0 | 0 | 0 | 0 | | 0.00 | 0 | 0 |